|
|
|
|
| LEADER |
00917nam a2200229 a 4500 |
| 001 |
GR-Patra15606 |
| 008 |
030704s2001 gr g 000 0 gre d |
| 020 |
|
|
|a 9600329532
|
| 040 |
|
|
|a GrPaTEI
|b gre
|c GR-PaULI
|
| 040 |
|
|
|a GrPaTEI
|b gre
|c GR-PaULI
|
| 084 |
|
|
|a Μ
|
| 100 |
1 |
|
|a Μιχαλοπούλου, Αμάντα
|
| 245 |
1 |
0 |
|a Παλιόκαιρος :
|b μυθιστόρημα /
|c Αμάντα Μιχαλοπούλου.
|
| 250 |
|
|
|a 9η εκδ.
|
| 260 |
|
|
|a Αθήνα :
|b εκδόσεις Καστανιώτη,
|c 2001
|
| 300 |
|
|
|a 365σ.
|
| 650 |
|
4 |
|a Ελληνική λογοτεχνία
|x Μυθιστόρημα
|
| 710 |
0 |
|
|a Καστανιώτης
|
| 942 |
|
|
|2 ddc
|
| 952 |
|
|
|0 0
|1 0
|2 ddc
|4 0
|6 Μ_ΜΙΧ
|7 0
|9 294871
|a LISK
|b LISK
|c BSC
|d 2021-01-17
|e 24
|f 0
|g 0.00
|l 0
|o Μ ΜΙΧ
|p 92410027712
|r 2021-01-17 00:00:00
|t 1
|w 2021-01-17
|y BK15
|x 20051027 0 1
|x GrPaTEI
|
| 971 |
|
|
|a .b26631210
|b 16-04-20
|c 23-09-16
|
| 999 |
|
|
|c 172063
|d 172063
|